000 00836nac a22002651u 4500
003 EG-ScBUE
005 20221211120803.0
008 100610q2004 ko a f 000 0 eng d
020 _a8957700617
020 _a8957700447
040 _aEG-ScBUE
_beng
_erda
_cEG-ScBUE
_dEG-ScBUE
043 _aa-ja---
082 0 4 _a720.952
_222
_bYOS
100 1 _aYoshiba, Itsurō,‏
_d1946-
_eauthor.
245 1 0 _aModern architect /
_cItsuro Yoshiba.
264 1 _aSeoul, Korea :
_bArchiworld,
_c[2004?]
300 _a197 pages :
_billustrations (chiefly color) ;
_c31 cm
546 _aText in Korean and English.
600 _aYoshiba, Itsuro
_914657
650 7 _aArchitecture
_y20th century
_zJapan.
_2BUEsh
_914658
650 7 _aArchitects
_zJapan.
_2BUEsh
_914659
653 _bENGARC
655 _vReading book
942 _cBB
_k720.952 YOS
_2ddc
999 _c3124
_d3124